| 000 | 00859nac a22001691u 4500 | ||
|---|---|---|---|
| 008 | 101215s2000 xxu||||| |||| 00| 0 ara d | ||
| 082 |
_a614.5939 _bغ ذ ا |
||
| 110 | 1 |
_aوزارة الصحة والسكان _921505 |
|
| 245 |
_aدليل الغذاء الصحى للأسرة المصرية / _cمعهد التغذية، وزارة الصحة والسكان |
||
| 250 | _aط 3. | ||
| 260 |
_aالقاهرة : _bالمعهد، الوزارة ، _c2000. |
||
| 300 |
_a95 ص: _bايض ؛ _c20 سم. |
||
| 541 |
_aإهداء ؛ _cمكتبة الإسكندرية ؛ |
||
| 650 |
_aالتغذية _921498 _xجوانب صحية |
||
| 942 |
_cBB _k614.5939 غ ذ ا _2ddc |
||
| 999 |
_c6221 _d6221 |
||